Champions de League of Legends par Images - Statistiques

Statistiques générales
  • Ce quiz a été pris 424 fois
    108 depuis la dernière actualisation
  • Le résultat moyen est 150 sur 172
Statistiques - réponses
Par images Réponse % Correct
Ahri
98%
Akali
98%
Amumu
98%
Ashe
98%
Aatrox
96%
Dr. Mundo
96%
Ekko
96%
Garen
96%
Annie
95%
Caitlyn
95%
Ezreal
95%
Jinx
95%
Lux
95%
Aurelion Sol
94%
Bard
94%
Braum
94%
Darius
94%
Diana
94%
Fizz
94%
Lulu
94%
Pantheon
94%
Teemo
94%
Ambessa
93%
Anivia
93%
Aphelios
93%
Azir
93%
Blitzcrank
93%
Camille
93%
Galio
93%
Irelia
93%
Jarvan IV
93%
Jhin
93%
Lee Sin
93%
Lucian
93%
Maître Yi
93%
Malphite
93%
Miss Fortune
93%
Nami
93%
Séraphine
93%
Vi
93%
Brand
92%
Cho'Gath
92%
Draven
92%
Gragas
92%
Graves
92%
Jayce
92%
K'Santé
92%
Leona
92%
Mel
92%
Olaf
92%
Pyke
92%
Tristana
92%
Zoé
92%
Alistar
90%
Corki
90%
Evelynn
90%
Gwen
90%
Jax
90%
Kai'Sa
90%
Karma
90%
Mordekaiser
90%
Morgana
90%
Nasus
90%
Nautilus
90%
Nunu et Willump
90%
Sett
90%
Sion
90%
Wukong
90%
Yasuo
90%
Akshan
89%
Briar
89%
Fiora
89%
Gnar
89%
Hecarim
89%
Ivern
89%
Kalista
89%
Neeko
89%
Nocturne
89%
Poppy
89%
Renekton
89%
Varus
89%
Katarina
88%
Kayle
88%
Orianna
88%
Ornn
88%
Shen
88%
Swain
88%
Viego
88%
Zac
88%
Heimerdinger
87%
Kayn
87%
Kennen
87%
Milio
87%
Rammus
87%
Rell
87%
Ryze
87%
Shaco
87%
Smolder
87%
Sylas
87%
Tahm Kench
87%
Veigar
87%
Vladimir
87%
Warwick
87%
Xayah
87%
Yuumi
87%
Zed
87%
Aurora
86%
Bel'Veth
86%
Cassiopeia
86%
Elise
86%
Hwei
86%
Kassadin
86%
Rakan
86%
Renata Glasc
86%
Rengar
86%
Samira
86%
Senna
86%
Soraka
86%
Talon
86%
Trundle
86%
Twisted Fate
86%
Twitch
86%
Vayne
86%
Vel'Koz
86%
Volibear
86%
Yone
86%
Illaoi
84%
LeBlanc
84%
Sivir
84%
Ziggs
84%
Janna
83%
Maokai
83%
Rek'Sai
83%
Riven
83%
Singed
83%
Viktor
83%
Yorick
83%
Fiddlesticks
82%
Kha'Zix
82%
Kog'Maw
82%
Lillia
82%
Rumble
82%
Shyvana
82%
Sona
82%
Thresh
82%
Urgot
82%
Xerath
82%
Kindred
81%
Malzahar
81%
Naafiri
81%
Vex
81%
Xin Zhao
81%
Nidalee
80%
Tryndamere
80%
Zeri
80%
Karthus
78%
Kled
78%
Lissandra
78%
Quinn
78%
Yunara
78%
Qiyana
77%
Sejuani
77%
Syndra
77%
Nilah
76%
Udyr
76%
Zilean
76%
Zyra
76%
Taric
75%
Zaahen
73%
Skarner
72%
Taliyah
71%
Gangplank
66%
Aucun quiz correspondant
Distribution des résultats
% des personnes avec chaque résultat
Percentile par nombre de réponses
Votre historique - résultats
Vous n’avez pas pris ce quiz depuis la dernière actualisation